| 000 | 01242nam a2200385 a 4500 | ||
|---|---|---|---|
| 003 | AR-BaBNM | ||
| 005 | 20251128210555.0 | ||
| 008 | 082120s2002 ||||||||||||||000 | spa|| | ||
| 020 | _a84-89607-84-2 | ||
| 040 | _cAR-BaBNM | ||
| 245 | 0 | 0 |
_aPsicología de la instrucción _bpsicopedagogías específicas, lenguaje integrado y procesos de intervención. 4 |
| 250 | _a1ª ed. | ||
| 260 |
_aBarcelona _bEUB _c1996 |
||
| 300 |
_a200 p. _btablas, gráfs. |
||
| 490 | 0 |
_aPsicología y educación _vv. 38 |
|
| 500 | _aContiene referencias bibliográficas | ||
| 650 | 4 | _aPSICOLOGIA DE LA EDUCACION | |
| 650 | 4 | _aPROCESO COGNOSCITIVO | |
| 650 | 4 | _aPROCESO DE APRENDIZAJE | |
| 650 | 4 | _aLENGUAJE DEL NIÑO | |
| 650 | 4 | _aPAPEL DEL LENGUAJE | |
| 650 | 4 | _aENSEÑANZA DE SEGUNDA LENGUA | |
| 650 | 4 | _aENSEÑANZA DE LA LECTURA | |
| 650 | 4 | _aENSEÑANZA DE LA ESCRITURA | |
| 650 | 4 | _aMETODOS DE ENSEÑANZA | |
| 653 | _aENSENANZA DE LA LENGUA | ||
| 653 | _aCOMPRENSION LECTORA | ||
| 653 | _aPSICOPEDAGOGIA | ||
| 700 | 1 |
_aEscoriza Nieto, José _eeditor |
|
| 700 | 1 |
_aGonzález Pienda, Julio A. _eeditor |
|
| 700 | 1 |
_aBarca Lozano, Alfonso _eeditor |
|
| 700 | 1 |
_aGonzález Cabanach, Ramón _eeditor |
|
| 942 | _cBK | ||
| 998 | _cRaquel | ||
| 999 |
_c16005 _d16005 |
||